| 000 | 00565nam a2200217Ia 4500 | ||
|---|---|---|---|
| 005 | 20250425161204.0 | ||
| 008 | 250425s9999 xx 000 0 und d | ||
| 041 | _aspa | ||
| 082 | _a986.604 | ||
| 100 | _aDESTRUGE, CAMILO | ||
| 245 | 0 | _aHISTORIA DE LA REVOLUCION DE OCTUBRE Y CAMPAÑA LIBERTADORA DE 1820-22 | |
| 250 | _a2A ED. | ||
| 260 |
_aEcuador _bBANCO CENTRAL DEL ECUADOR _c1982 |
||
| 260 | _aGUAYAQUIL | ||
| 300 | _a480 | ||
| 650 | _aHISTORIA DEL ECUADOR | ||
| 650 | _aINDEPENDENCIA | ||
| 650 | _aREVOLUCION | ||
| 942 | _c01 | ||
| 010 | _a14678 | ||
| 999 |
_c204194 _d204194 |
||